| LEADER | 00576cam a2200157 7i4500 | ||
|---|---|---|---|
| 001 | 0000019949 | ||
| 005 | 20071127090000.0 | ||
| 022 | 0 | 0 | |a 1675-2384 |
| 090 | 0 | 0 | |a M 628.1 |b MAL |
| 110 | 2 | 0 | |a The Malaysia Water Association [MWA] |
| 245 | 2 | 0 | |a MWIG : |b Malaysia water industry guide 2006 : |b Malaysia water industry guide 2006 : |b water supply statistics & performance indicators. |
| 260 | 0 | 0 | |a Kuala Lumpur: |b The Malaysian Water Association [MWA], |c 2006. |
| 300 | # | # | |a 28 p. |
| 650 | 0 | 0 | |a Water -- |z Malaysia |
| 651 | 0 | 0 | |a Malaysia |
| 999 | |a 0000020757 |b Book |c Malaysia |e Business Information Centre | ||